Inclusive Education/ (Record no. 178635)

MARC details
000 -LEADER
fixed length control field 00767nam a22002057a 4500
005 - DATE AND TIME OF LATEST TRANSACTION
control field 20210408172529.0
010 ## - LCCN (DPL NO)
LC control number ENG-129410
020 ## - INTERNATIONAL STANDARD BOOK NUMBER
Terms of availability 795.00
International Standard Book Number 978-93-88016-46-9
035 ## - SYSTEM CONTROL NUMBER
System control number EN-112942
037 ## - SOURCE OF ACQUISITION
Source of stock number/acquisition DBAD/PUB
082 ## - DEWEY DECIMAL CLASSIFICATION NUMBER
Classification number 371.9046
100 ## - MAIN ENTRY--PERSONAL NAME
Personal name Mishra, Premananda
245 ## - TITLE STATEMENT
Title Inclusive Education/
Remainder of title Premananda Mishra, Farzana Shehla and K. Srinivas Reddy
260 ## - PUBLICATION, DISTRIBUTION, ETC. (IMPRINT)
Place of publication, distribution, etc New Delhi
Name of publisher, distributor, etc Neelkamal Publications
Date of publication, distribution, etc 2020
270 ## - ADDRESS
Address 4764/1, 23, Ansari Road, Daryaganj
City New Delhi
Postal code 110002
Telephone number 011-23244237, 98118-28953
Electronic mail address neelkamalbooks@gmail.com
300 ## - PHYSICAL DESCRIPTION
Extent xii+202p.
Dimensions 24cm(hbk)
Other physical details including bibliographical references, index and illustrations.
700 ## - ADDED ENTRY--PERSONAL NAME
Personal name Farzana Shehla
700 ## - ADDED ENTRY--PERSONAL NAME
Personal name Reddy, K. Srinivas
942 ## - ADDED ENTRY ELEMENTS (KOHA)
Source of classification or shelving scheme Dewey Decimal Classification
Item type English Books
Classification part 371.9046
Call number suffix MIS
Holdings
Withdrawn status Lost status Not for loan Collection code Home library Current library Date acquired Source of acquisition Cost, normal purchase price Full call number Barcode Copy number Cost, replacement price Koha item type
      Non-fiction Bawana Bawana 08/04/2021 DBAD/PUB 795.00 371.9046 MIS EN-112942 1 795.00 English Books

© Delhi Public Library
Hit Counter
free hit counter